EURO 2020 squads pt. 1 - Statistics

General Stats
  • This quiz has been taken 53 times
  • The average score is 120 of 313
Answer Stats
Club Position Player % Correct
Paris Saint-Germain MF Marco Verratti
92%
Real Madrid MF Eden Hazard
89%
Milan GK Gianluigi Donnarumma
89%
Chelsea MF Jorginho
89%
Internazionale MF Nicolò Barella
89%
Real Madrid GK Thibaut Courtois
89%
Borussia Dortmund MF Thorgan Hazard
89%
Lazio FW Ciro Immobile
87%
Barcelona MF Frenkie de Jong
87%
Arsenal MF Granit Xhaka
87%
Sevilla FW Luuk de Jong
87%
Borussia Mönchengladbach GK Yann Sommer
87%
Bayern Munich DF David Alaba
84%
Tottenham Hotspur FW Gareth Bale
84%
Juventus DF Giorgio Chiellini
84%
Napoli DF Giovanni Di Lorenzo
84%
Leicester City GK Kasper Schmeichel
84%
Manchester City MF Kevin De Bruyne
84%
Juventus DF Matthijs de Ligt
84%
Manchester City DF Nathan Aké
84%
Internazionale FW Romelu Lukaku
84%
Norwich City FW Teemu Pukki
84%
Tottenham Hotspur DF Toby Alderweireld
84%
Liverpool MF Xherdan Shaqiri
84%
Malmö FF MF Anders Christensen
82%
Chelsea DF Andreas Christensen
82%
Newcastle United DF Fabian Schär
82%
Juventus MF Federico Chiesa
82%
Benfica DF Jan Vertonghen
82%
Juventus DF Leonardo Bonucci
82%
Atlético Madrid MF Yannick Carrasco
82%
Leicester City MF Youri Tielemans
82%
Napoli GK Alex Meret
79%
Borussia Dortmund MF Axel Witsel
79%
Internazionale MF Christian Eriksen
79%
Milan MF Hakan Çalhanoğlu
79%
Stoke City GK Adam Davies
76%
Tottenham Hotspur DF Ben Davies
76%
Bayer Leverkusen GK Lukas Hradecky
76%
Borussia Dortmund DF Manuel Akanji
76%
Manchester City DF Oleksandr Zinchenko
76%
Stoke City DF Rhys Norrington-Davies
76%
Juventus MF Aaron Ramsey
74%
Borussia Mönchengladbach FW Breel Embolo
74%
Manchester United MF Dan James
74%
Liverpool MF Georginio Wijnaldum
74%
Roma DF Leonardo Spinazzola
74%
Lyon FW Memphis Depay
74%
Internazionale DF Stefan de Vrij
74%
Borussia Dortmund DF Thomas Meunier
74%
Lille FW Burak Yılmaz
71%
Leicester City DF Çağlar Söyüncü
71%
Napoli FW Dries Mertens
71%
Benfica FW Haris Seferovic
71%
Rennes FW Jérémy Doku
71%
Tottenham Hotspur MF Pierre-Emile Højbjerg
71%
Beşiktaş DF Rıdvan Yılmaz
71%
Internazionale DF Alessandro Bastoni
68%
West Ham United FW Andriy Yarmolenko
68%
Chelsea DF Emerson
68%
Barcelona FW Martin Braithwaite
68%
Milan DF Simon Kjær
68%
Club Brugge* GK Simon Mignolet
68%
Leicester City GK Danny Ward
66%
Sassuolo FW Domenico Berardi
66%
Genoa FW Goran Pandev
66%
RB Leipzig MF Konrad Laimer
66%
Wolverhampton Wanderers MF Leander Dendoncker
66%
RB Leipzig MF Marcel Sabitzer
66%
Sampdoria FW Mikkel Damsgaard
66%
Borussia Mönchengladbach DF Stefan Laimer
66%
Leicester City DF Timothy Castagne
66%
RB Leipzig FW Yussuf Poulsen
66%
Monaco MF Aleksandr Golovin
63%
PSV Eindhoven DF Denzel Dumfries
63%
Cardiff City MF Jonny Williams
63%
Sassuolo MF Manuel Locatelli
63%
Shanghai Port FW Marko Arnautović
63%
Liverpool DF Neco Williams
63%
Torino DF Ricardo Rodriguez
63%
Torino FW Andrea Belotti
61%
Borussia Mönchengladbach MF Denis Zakaria
61%
Atalanta DF Joakim Mæhle
61%
Brighton & Hove Albion FW Leandro Trossard
61%
Napoli FW Lorenzo Insigne
61%
Juventus DF Merih Demiral
61%
Crystal Palace GK Wayne Hennessey
61%
VfB Stuttgart** GK Gregor Kobel
58%
Club Brugge MF Hans Vanaken
58%
Norwich City GK Tim Krul
58%
Paris Saint-Germain DF Alessandro Florenzi
55%
PSV Eindhoven FW Cody Gakpo
55%
Valencia MF Denis Cheryshev
55%
Napoli MF Elif Elmas
55%
Lyon DF Jason Denayer
55%
Atalanta MF Marten de Roon
55%
Crystal Palace FW Michy Batshuayi
55%
Spartak Moscow MF Quincy Promes
55%
Atalanta MF Remo Freuler
55%
Borussia Dortmund MF Thomas Delaney
55%
Zenit Saint Petersburg FW Artem Dzyuba
53%
Crystal Palace FW Christian Benteke
53%
Ajax DF Daley Blind
53%
PSV Eindhoven FW Donyell Malen
53%
FC Augsburg MF Fredrik Jensen
53%
Fulham DF Joachim Andersen
53%
CSKA Moscow DF Mário Fernandes
53%
Brentford MF Mathias Jensen
53%
Strasbourg GK Matz Sels
53%
Torino GK Salvatore Sirigu
53%
Vissel Kobe DF Thomas Vermaelen
53%
Mainz 05 MF Edimilson Fernandes
50%
Lazio DF Francesco Acerbi
50%
Nice FW Kasper Dolberg
50%
Borussia Mönchengladbach DF Nico Elvedi
50%
Liverpool DF Ozan Kabak
50%
Gent FW Roman Yaremchuk
50%
FC Augsburg MF Ruben Vargas
50%
VfL Wolfsburg FW Wout Weghorst
50%
Brentford MF Christian Nørgaard
47%
Valencia MF Daniel Wass
47%
Eintracht Frankfurt MF Djibril Sow
47%
Juventus MF Federico Bernardeschi
47%
Rangers MF Glen Kamara
47%
Southampton DF Jannik Vestergaard
47%
Ajax MF Jurriën Timber
47%
Feyenoord FW Steven Berghuis
47%
Bologna FW Andreas Skov Olsen
45%
Hertha BSC DF Dedryck Boyata
45%
Brighton & Hove Albion DF Joël Veltman
45%
VfL Wolfsburg DF Kevin Mbabu
45%
Cardiff City FW Kieffer Moore
45%
Feyenoord MF Orkun Kökçü
45%
AZ Alkmaar MF Teun Koopmeiners
45%
1899 Hoffenheim MF Christoph Baumgartner
42%
Getafe FW Enes Ünal
42%
Stoke City MF Joe Allen
42%
İstanbul Başakşehir MF Nacer Chadli
42%
Crystal Palace DF Patrick van Aanholt
42%
Lille FW Yusuf Yazıcı
42%
Lille DF Zeki Çelik
42%
Shakhtar Donetsk GK Andriy Pyatov
39%
Leicester City FW Cengiz Ünder
39%
Leicester City MF Dennis Praet
39%
Leeds United MF Ezgjan Alioski
39%
Bayer Leverkusen MF Julian Baumgartlinger
39%
Ajax GK Maarten Stekelenburg
39%
Dinamo Zagreb FW Mario Gavranović
39%
Ajax MF Ryan Gravenberch
39%
Roma MF Bryan Cristante
37%
Sheffield United DF Ethan Ampadu
37%
Schalke 04 GK Frederik Rønnow
37%
Sassuolo FW Giacomo Raspadori
37%
Union Berlin FW Joel Pohjanpalo
37%
Atalanta DF Rafael Tolói
37%
1899 Hoffenheim MF Robert Skov
37%
Brann MF Robert Taylor
37%
Rayo Vallecano GK Stole Dimitrievski
37%
LASK GK Alexander Schlager
34%
Tottenham Hotspur DF Joe Rodon
34%
Atalanta MF Ruslan Malinovskyi
34%
Blackburn Rovers** GK Thomas Kaminski
34%
Dynamo Kyiv DF Vitaliy Mykolenko
34%
VfL Wolfsburg MF Xaver Schlager
34%
PSV Eindhoven GK Yvon Mvogo
34%
Atalanta MF Aleksei Miranchuk
32%
Fenerbahçe GK Altay Bayındır
32%
Shakhtar Donetsk GK Anatoliy Trubin
32%
Parma FW Andreas Cornelius
32%
Dnipro-1 FW Artem Dovbyk
32%
Sassuolo DF Kaan Ayhan
32%
Atalanta MF Matteo Pessina
32%
FC Augsburg FW Michael Gregoritsch
32%
Bayer Leverkusen DF Aleksandar Dragović
29%
Swansea City DF Connor Roberts
29%
Levante MF Enis Bardhi
29%
Cardiff City MF Harry Wilson
29%
Dynamo Kyiv DF Ilya Zabarnyi
29%
Udinese DF Jens Stryger Larsen
29%
West Bromwich Albion MF Okay Yokuşlu
29%
Basel DF Silvan Widmer
29%
Shakhtar Donetsk MF Taras Stepanenko
29%
Leeds United FW Tyler Roberts
29%
Young Boys MF Christian Fassnacht
26%
Bournemouth MF David Brooks
26%
Eintracht Frankfurt DF Martin Hinteregger
26%
1899 Hoffenheim DF Stefan Posch
26%
Eintracht Frankfurt MF Steven Zuber
26%
Charlton Athletic DF Chris Gunter
24%
Bournemouth DF Chris Mepham
24%
Watford GK Daniel Bachmann
24%
Montpellier* GK Jonas Omlin
24%
Sassuolo DF Mert Müldür
24%
Luton Town DF Tom Lockyer
24%
Trabzonspor GK Uğurcan Çakır
24%
VfL Wolfsburg FW Admir Mehmedi
21%
Schalke 04 MF Alessandro Schöpf
21%
Swansea City DF Ben Kabango
21%
Basel DF Eray Cömert
21%
1899 Hoffenheim MF Florian Grillitsch
21%
Fortuna Düsseldorf FW Kenan Karaman
21%
Galatasaray MF Kerem Aktürkoğlu
21%
Copenhagen DF Mathias Jørgensen
21%
İstanbul Başakşehir GK Mert Günok
21%
AZ Alkmaar DF Owen Wijndal
21%
Fenerbahçe MF Ozan Tufan
21%
SC Freiburg DF Philipp Lienhart
21%
Ajax MF Davy Klaasen
18%
Fenerbahçe MF İrfan Kahveci
18%
Brescia GK Jesse Joronen
18%
Luton Town MF Joe Morrell
18%
Copenhagen FW Jonas Wind
18%
Brentford FW Marcus Forss
18%
Spartak Trnava MF Milan Ristovski
18%
Dynamo Kyiv MF Mykola Shaparenko
18%
VfB Stuttgart FW Saša Kalajdžić
18%
Dinamo Zagreb DF Stefan Ristovski
18%
Dynamo Kyiv GK Heorhiy Bushchan
16%
Mainz 05 MF Karim Onisiwo
16%
Shakhtar Donetsk MF Marlos
16%
Doncaster Rovers MF Mathew Smith
16%
Krasnodar GK Matvei Safonov
16%
Union Berlin MF Christopher Trimmel
13%
Club Brugge DF Eduard Sobol
13%
Fiorentina MF Gaetano Castrovilli
13%
Genk DF Jere Uronen
13%
Nice DF Jordan Lotomba
13%
Bordeaux DF Loris Benito
13%
AZ Alkmaar GK Marco Bizot
13%
Werder Bremen DF Marco Friedl
13%
Queens Park Rangers DF Niko Hämäläinen
13%
Cardiff City MF Rubin Colwill
13%
Dynamo Kyiv MF Serhiy Sydorchuk
13%
Mallorca FW Aleksandar Trajkovski
11%
RB Salzburg DF Andreas Ulmer
11%
Bristol Rovers GK Anssi Jaakkola
11%
Zürich DF Bećir Omeragić
11%
HJK Helsinki DF Daniel O'Shaughnessy
11%
Shakhtar Donetsk MF Heorhiy Sudakov
11%
Minnesota United FC DF Jukka Raitala
11%
Ferencvárosi FW Oleksandr Zubkov
11%
VfL Wolfsburg GK Pavao Pervan
11%
Warta Poznań DF Robert Ivanov
11%
Minnesota United FC MF Robin Lod
11%
Eintracht Frankfurt MF Stefan Ilsanker
11%
AEL MF Tim Sparv
11%
Le Havre DF Umut Meraş
11%
Dynamo Kyiv MF Viktor Tsyhankov
11%
Dinamo Zagreb MF Arijan Ademi
8%
VfB Stuttgart MF Darko Churlinov
8%
Istra 1961 MF Dylan Levitt
8%
Antalyaspor DF Fyodor Kudryashov
8%
Midtjylland GK Jonas Lössl
8%
BK Häcken DF Joona Toivio
8%
IF Elfsborg DF Leo Väisänen
8%
MTK Budapest MF Nikolai Alho
8%
Pafos MF Onni Valakari
8%
Pafos DF Paulus Arajuuri
8%
Djurgårdens IF MF Rasmus Schüller
8%
Spartak Moscow MF Roman Zobnin
8%
PEC Zwolle DF Thomas Lam
8%
Borussia Mönchengladbach MF Valentino Lazaro
8%
Zenit Saint Petersburg MF Yuri Zhirkov
8%
Galatasaray MF Halil Dervişoğlu
5%
Esbjerg MF Joni Kauko
5%
Újpest DF Kire Ristevski
5%
CF Montréal FW Lassi Lappalainen
5%
Shakhtar Donetsk DF Mykola Matviyenko
5%
Copenhagen DF Nicolai Boilesen
5%
Dynamo Kyiv DF Oleksandr Karavayev
5%
Chambly FW Vlatko Stojanovski
5%
Zenit Saint Petersburg DF Vyacheslav Karavayev
5%
Trabzonspor MF Abdülkadir Ömür
3%
Spartak Moscow FW Aleksandr Sobolev
3%
Krasnodar MF Aleksei Ionov
3%
Akhmat Grozny DF Andrei Semyonov
3%
Dynamo Moscow GK Anton Shunin
3%
Sochi FW Anton Zabolotny
3%
Dynamo Kyiv FW Artem Besedin
3%
Lecce MF Boban Nikolov
3%
Zenit Saint Petersburg MF Daler Kuzyayev
3%
Doxa Katokopias GK Damjan Shishkovski
3%
Kayserispor FW Daniel Avramovski
3%
Dynamo Moscow MF Daniil Fomin
3%
Rijeka DF Darko Velkovski
3%
Rubin Kazan MF Denis Makarov
3%
Dynamo Kyiv DF Denys Popov
3%
Lokomotiv Moscow MF Dmitri Barinov
3%
Beşiktaş MF Dorukhan Toköz
3%
Shkëndija DF Egzon Bejtulai
3%
Partizani MF Ferhan Hasani
3%
Spartak Moscow DF Georgi Dzhikiya
3%
Charleroi DF Gjoko Zajkov
3%
CSKA Moscow DF Igor Diveyev
3%
AEK Larnaca FW Ivan Trichkovski
3%
Sarajevo FW Krste Velkoski
3%
Luzern MF Louis Schaub
3%
Zenit Saint Petersburg MF Magomed Ozdoyev
3%
Lokomotiv Moscow MF Maksim Mukhin
3%
Akademija Pandev FW Marjan Radeski
3%
Dynamo Kyiv DF Oleksandr Tymchyk
3%
Esbjerg MF Pyry Soiri
3%
Lokomotiv Moscow MF Rifat Zhemaletdinov
3%
Rabotnički GK Risto Jankov
3%
Gent MF Roman Bezus
3%
Dynamo Moscow DF Roman Yevgenyev
3%
Shakhtar Donetsk DF Serhiy Kryvtsov
3%
AEK Larnaca MF Stefan Spirovski
3%
Galatasaray MF Taylan Antalyalı
3%
Ružomberok MF Tihomir Kostadinov
3%
Fehérvár DF Visar Musliu
3%
Kortrijk MF Yevhenii Makarenko
3%
Rubin Kazan GK Yury Dyupin
3%
No matching quizzes found
Score Distribution
Percent of People with Each Score
Percentile by Number Answered
Your Score History
You have not taken this quiz